1205 1640 1617 1163 1521 1059 1583 1052 1569 1214 1888 1181 1222 1403 1926 1959 1851 1565 1617 1084 1913 1450 1242 1063 1375 1291 1294 1329 1763 1306 1915 1818 1863 1233 1111 1617 1461 1520 1570 1514 1860 1208 1279 1671 1270 1729 1241 1950 1930 1583 1501 1064 1267 1665 1167 1784 1986 1181 1530 1305 1829 1986 1581 1173 1118 1550 1956 1581 1198 1061 1425 1393 1838 1674 1426 1168 1013 1324 1088 1103 1253 1826 1268 1432 1652 1833 1338 1487 1800 1544 1140 1480 1866 1748 1301 1161 1505 1763 1393 BCNSPRNW ULIB Ver.6.0+V

เปลี่ยนเป็นภาษาไทย

Change to English
 แสดงรายละเอียดบรรณานุกรม
  กลับหน้าหลัก

Brief Record : Get Marc (ISO 2709) : E-mail record : QR code < ปิดหน้าต่าง
LEADER : 00000nam 2200000uu 4500
001    13399113999
003     ULIB
008    120125s2552||||th 000 0 tha d
020    ^a9786117097027
090    ^aนว.^bล125ป 2552
100 0  ^aลมหายใจเทพยดา
245 00 ^aThe X mas Bless ปิ๊งรักสุดเฮ้ว กับ หนุ่มเอลฟ์สุดซ่า/^cลมหายใจเทพยดา
250    ^aพิมพ์ครั้งที่ 1
260    ^aกรุงเทพฯ :^bSimply Book Chill Out,^c2552
300    ^a192 หน้า
710 1  ^aSimply Book Chill Out
945    ^p155^l0^i15827
995    ^aกัณชพร
999    ^aใช้งานได้ทุกระบบ
รายการนี้ยังไม่มีแท็ก
คุณยังไม่ได้ล็อกอิน คุณสามารถมีกิจกรรมร่วมกับเว็บไซต์ได้ แต่ต้องล็อกอินก่อน ::
  ล็อกอิน

รายการสื่อสารสนเทศ

ลำดับที่ ประเภท เลขเรียก/บาร์โค้ด สถานที่ สถานะ
1. นวนิยาย
นวนิยาย
นว. ล125ป 2552  
  Barcode: 15827
ห้องสมุดวิทยาเขตสวรรค์ประชารักษ์
►นวนิยาย
บนชั้น
  ขอยืม

BibComment


ยังไม่เคยถูกคอมเมนท์

คอมเมนท์ทรัพยากรรายการนี้
  คอมเมนท์: The X mas Bless ..


 Copyright 2026. Bcnsprnw @Library